Econometrics, linear programming and valuation : reply (Record no. 38260)

MARC details
000 -LEADER
fixed length control field 01072cab a2200205 4500
001 - CONTROL NUMBER
control field ABS47345
008 - FIXED-LENGTH DATA ELEMENTS--GENERAL INFORMATION
fixed length control field 090401t1992 xxu||||| |||| 00| 0 eng d
035 ## - SYSTEM CONTROL NUMBER
System control number (Sirsi) u61687
041 ## - LANGUAGE CODE
Language code of text/sound track or separate title eng
100 ## - MAIN ENTRY--PERSONAL NAME
Personal name Matysiak, G.A.
245 ## - TITLE STATEMENT
Title Econometrics, linear programming and valuation : reply
260 ## - PUBLICATION, DISTRIBUTION, ETC.
Date of publication, distribution, etc. 1992
350 ## - PRICE (NR) (BK AM CF MU VM SE) [OBSOLETE]
Price 0
490 ## - SERIES STATEMENT
Series statement Journal of Property Research
Volume/sequential designation 9(2) Summer 1992, 114-121(4)
520 ## - SUMMARY, ETC.
Summary, etc. The use of linear programming valuation implies an underlying acceptance of efficient market pricing. Comparables are sample evidence and, therefore, a valid methodology requires an inferential basis. Small sample sizes and multicollinearity are not determining issues in preventing the use of a statistical methodology. Given the reality of learning by experience, an appropriate methodology should formally, and explicitly, modify subjective views with new observed information. Response to an earlier article (Abs45359). (Journal abstract)
650 ## - SUBJECT ADDED ENTRY--TOPICAL TERM
Topical term or geographic name entry element LINEAR PROGRAMMING
690 ## - LOCAL SUBJECT ADDED ENTRY--TOPICAL TERM (OCLC, RLIN)
Topical term or geographic name as entry element RATING AND VALUATION
942 ## - ADDED ENTRY ELEMENTS (KOHA)
Suppress in OPAC 0
948 ## - LOCAL PROCESSING INFORMATION (OCLC); SERIES PART DESIGNATOR (RLIN)
c (OCLC) 04/03/1997
Holdings
Withdrawn status Lost status Source of classification or shelving scheme Damaged status Not for loan Home library Current library Shelving location Date acquired Total Checkouts Full call number Barcode Date last seen Copy number Price effective from Koha item type
    Dewey Decimal Classification     London London Journal article 14/09/1999   ABS47345 61687-1001 06/08/2019 1 06/08/2019 Journal article